000
00346nam a2200121Ia 4500
008
231129s2001||||xx |||||||||||||| ||spa||
020
_a
958-8120-27-6
082
_a
R (i)036.1 E56n
245
0
_a
Enciclopedia para primaria
260
_c
2001
264
_a
Bogotá : Cultural internacional.
942
_2
ddc
_c
BKS
999
_c
13007
_d
13007